| 000 | 00675nam a22001937a 4500 | ||
|---|---|---|---|
| 999 |
_c169734 _d169734 |
||
| 005 | 20191202122400.0 | ||
| 010 | _aUR-10643 | ||
| 020 |
_c200.00 _a9789389358803 |
||
| 035 | _aU-9198 | ||
| 037 |
_bDBAD/PUB _a- |
||
| 082 | _aک | ||
| 100 | _aکيپٹن ز ين العا بد ين | ||
| 245 |
_aآ د ھی عو ر ت پو ر ی عو ر ت _cکيپٹن ز ين العا بد ين |
||
| 246 |
_bAadhi Aurat Poori Aurat (Urdu) _aby Capt.Zainul Abedeen |
||
| 260 |
_aDelhi _bEducational Publishing House _c2019 ء |
||
| 270 |
_a3191,Vakil Street, Kucha Pandit,Lal Kuan, _bDelhi _e110006 _k01123216162 _l- |
||
| 300 |
_a111 ص _c22 Cm(Hb) |
||
| 942 |
_2ddc _cUR _hن _mز ي ن |
||